World Capitals Closest to Jakarta - Statistics

General Stats
  • This quiz has been taken 3,358 times
    2,663 since last reset
  • The average score is 15 of 20
Answer Stats
km capital miles % Correct
1188 Kuala Lumpur 738
95%
898 Singapore 558
95%
2327 Bangkok 1446
93%
3034 Hanoi 1885
88%
2795 Manila 1736
88%
5014 New Delhi 3115
86%
5222 Beijing 3245
78%
2082 Dili 1294
78%
1988 Phnom Penh 1235
76%
1528 Bandar Seri Begawan 949
74%
2731 Vientiane 1697
74%
3829 Taipei 2379
72%
3789 Dhaka 2354
70%
4459 Port Moresby 2771
69%
4428 Kathmandu 2752
64%
3121 Naypyidaw 1939
63%
3328 Colombo 2068
61%
4182 Thimphu 2599
56%
3882 Malé 2412
53%
3441 Ngerulmud 2138
30%
No matching quizzes found
Score Distribution
Percent of People with Each Score
Percentile by Number Answered
Your Score History
You have not taken this quiz since the last reset